<?xml version="1.0" encoding="UTF-8"?>
<record
    xmlns:xsi="http://www.w3.org/2001/XMLSchema-instance"
    xsi:schemaLocation="http://www.loc.gov/MARC21/slim http://www.loc.gov/standards/marcxml/schema/MARC21slim.xsd"
    xmlns="http://www.loc.gov/MARC21/slim">

  <leader>01725nam a2200313Ia 4500</leader>
  <controlfield tag="001">G2141</controlfield>
  <controlfield tag="003">IT-RoPAU</controlfield>
  <controlfield tag="008">130308s9999    xx            000 0 und d</controlfield>
  <datafield tag="040" ind1=" " ind2=" ">
    <subfield code="a">IT-RoPAU</subfield>
  </datafield>
  <datafield tag="040" ind1=" " ind2=" ">
    <subfield code="c">IT-RoPAU</subfield>
  </datafield>
  <datafield tag="041" ind1=" " ind2=" ">
    <subfield code="a">FRANCESE</subfield>
  </datafield>
  <datafield tag="100" ind1=" " ind2=" ">
    <subfield code="a">Ricoeur Paul</subfield>
  </datafield>
  <datafield tag="100" ind1=" " ind2=" ">
    <subfield code="g">Codice Aut. SPICS:  2052</subfield>
  </datafield>
  <datafield tag="240" ind1=" " ind2=" ">
    <subfield code="a">LECTURES ON IDEOLOGY AND UTOPIA</subfield>
  </datafield>
  <datafield tag="240" ind1=" " ind2=" ">
    <subfield code="g">Codice Tit. Orig. Spics: T3206</subfield>
  </datafield>
  <datafield tag="245" ind1=" " ind2=" ">
    <subfield code="a">Ideologie et l'utopie (L')</subfield>
  </datafield>
  <datafield tag="245" ind1=" " ind2=" ">
    <subfield code="b">Ideologie et L'Utopie (L')</subfield>
  </datafield>
  <datafield tag="250" ind1=" " ind2=" ">
    <subfield code="a">1a ed.</subfield>
  </datafield>
  <datafield tag="260" ind1=" " ind2=" ">
    <subfield code="a">PARIS</subfield>
  </datafield>
  <datafield tag="260" ind1=" " ind2=" ">
    <subfield code="b">Seuil</subfield>
  </datafield>
  <datafield tag="260" ind1=" " ind2=" ">
    <subfield code="c">1997 [1&#xB0; Ed.:1997 - Ed.Ling.Originale:1986]</subfield>
  </datafield>
  <datafield tag="300" ind1=" " ind2=" ">
    <subfield code="a">"424 p. (prefazione: no ; testo: 424 [pagine: 0-0])"</subfield>
  </datafield>
  <datafield tag="500" ind1=" " ind2=" ">
    <subfield code="a">"Introduzione di George H. Taylor. Prefazione di Myriam Revault D'Allonnes.Marx e la Critica della Filosofia del Diritto da Hegel e I manoscritti Del1844: Primo Manoscritto: Economia Politica e Filosofia, sezione Lavoro Alienato; terzo Manoscritto: Lavoro Unico Principio della Ricchezza; Marx e L'Ideologia tedesca e la Divisione del Lavoro; pour Marx di Althusser. Ideologie Et utopie di Karl Mannheim. Economie Et Societe' di Max Weber. Connaissance Et Interet di Habermas. L'Interpretation Des cultures di Clifford Geertz. lettere di un Abitante di Ginevra Ai Suoi Contemporanei del 1803 di Saint Simon. Charles Fourier e L'Utopia: le Nouveau monde Amoureux. Funzione Positiva dell'ideologia &#xE8; Preservare L'Identit&#xE0; di una Persona o di un Gruppo; ruolo positivo dell'Utopia Consiste nell'Esplorare Il Possibile. Ideologia e utopia Illustrano I Due Versanti dell'Immaginazione: conservazione Einvenzione."</subfield>
  </datafield>
  <datafield tag="650" ind1=" " ind2=" ">
    <subfield code="a">EPISTEMOLOGIA</subfield>
  </datafield>
  <datafield tag="650" ind1=" " ind2=" ">
    <subfield code="e">Codice materia Spics: 3051</subfield>
  </datafield>
  <datafield tag="942" ind1=" " ind2=" ">
    <subfield code="c">BK</subfield>
  </datafield>
  <datafield tag="957" ind1=" " ind2=" ">
    <subfield code="7">1</subfield>
  </datafield>
  <datafield tag="999" ind1=" " ind2=" ">
    <subfield code="c">87613</subfield>
    <subfield code="d">87613</subfield>
  </datafield>
  <datafield tag="999" ind1=" " ind2=" ">
    <subfield code="g">1</subfield>
  </datafield>
  <datafield tag="952" ind1=" " ind2=" ">
    <subfield code="0">0</subfield>
    <subfield code="1">0</subfield>
    <subfield code="4">0</subfield>
    <subfield code="6">G_000000000000000_2141</subfield>
    <subfield code="7">1</subfield>
    <subfield code="a">SPICS</subfield>
    <subfield code="b">SPICS</subfield>
    <subfield code="d">2013-03-08</subfield>
    <subfield code="l">0</subfield>
    <subfield code="o">G2141</subfield>
    <subfield code="r">2013-03-08 00:00:00</subfield>
    <subfield code="w">2013-03-08</subfield>
    <subfield code="y">BK</subfield>
    <subfield code="z">Progressivo inserimento:  1220 /  N. Volumi: 1 Copie: 1  / data import: 1 marzo 2013 - By Epidotti, Trombetti, Vaglietti. </subfield>
  </datafield>
</record>
